000 00295nam a22001337a 4500
008 170731b xxu||||| |||| 00| 0 eng d
020 _a9780130328441
041 _aeng
080 _a004
100 _a32
101 _aSHK
245 _aINTRODUCTION TO MAPLE 8
_cSCHWARTZ,D.I
942 _2udc
_cBK
999 _c22299
_d22299